Hobbes et son vocabulaire.

Salvato in:
Dettagli Bibliografici
Autore principale: Zarka, Yves Charles (direction)
Natura: Libro
Lingua:inglese
Pubblicazione: Paris, France: Librairie Philosophique J. Vrin, 1992.
Serie:Bibliothèque D'histoire de la Philosophie. Nouvelle série.
Soggetti:
Tags: Aggiungi Tag
Nessun Tag, puoi essere il primo ad aggiungerne!!

MARC

LEADER 00000nam a22000007a 4500
003 CL-VaPUC
005 20220822114527.0
008 220629t1992 ||||| |||| 00| 0 eng d
999 |c 436457  |d 436455 
020 |a 2-7116-1113-2 
040 |c Pontificia Universidad Católica de Valparaíso 
082 |a 192 ZAR 1992  |2 22 
100 |a Zarka, Yves Charles  |9 463695  |e direction 
245 |a Hobbes et son vocabulaire. 
260 |a Paris, France:  |b Librairie Philosophique J. Vrin,   |c 1992. 
300 |a 294 páginas. 
490 |a Bibliothèque D'histoire de la Philosophie. Nouvelle série. 
500 |a c.1 Donación Familia Prof. Alejandro Guzmán Brito. 
583 |c 20220629  |k Catalogador Asistente 
600 |a Hobbes, Thomas  |d 1588-1679  |x Crítica e interpretación  |9 871810 
650 |a Filosofía   |x Terminología   |y Siglo 17  |z Gran Bretaña  |9 871811 
942 |2 ddc  |c BK  |n 0 
952 |0 0  |1 0  |2 ddc  |4 0  |6 192_000000000000000_ZAR_1992  |7 0  |8 C_AGB  |9 584117  |a BIBDER  |b BIBDER  |d 2022-06-29  |e Donación  |i 5652280  |o 192 ZAR 1992  |p 5652280  |r 2023-01-25  |t 1  |w 2022-06-29  |y BK_US  |k AGB